000 00677nam a2200193 a 4500
005 20220520063750.0
008 040113s2001 mx r 000 0 spa d
020 _a8479603046
035 _aUPN01000131205
049 _aCG
050 4 _aLB1641 E5
_bT6.4
100 1 _aTorres Bravo, Pablo Antonio
245 1 0 _aEnseñanza del tiempo histórico :
_bhistoria, kairós y cronos : una unidad didáctica para el aula de ESO /
_cPablo Antonio Torres Bravo.
260 _aMadrid :
_bEdiciones de la Torre,
_c2001.
300 _a253 p.
440 0 _aProyecto didáctico Quirón.
_pCiencias sociales
650 4 _aHistoria
_xEstudio y enseñanza (Secundaria)
_95248
905 _aLibro
999 _c103360
_d103360